| 000 | 00488nam a2200193Ia 4500 | ||
|---|---|---|---|
| 005 | 20140314091650.0 | ||
| 008 | 140130s9999 xx 000 0 und d | ||
| 020 | _a0439733235 | ||
| 050 |
_aTK 148 _b.Se48 2005 |
||
| 100 | _aSeuling, Barbara | ||
| 245 |
_cSeuling, Barbara _aFlick a switch / |
||
| 260 |
_bScholastic, _c2003. _aNew York : |
||
| 300 |
_a1 v. (unpaged) : _bcol. ill. ; _c27 cm. |
||
| 440 | _v1 | ||
| 521 | _aG3 | ||
| 526 | _c580 | ||
| 942 |
_cBK _2lcc |
||
| 999 |
_c40701 _d40701 |
||